Statistics for Državni Posao - Kviz #2

Click here to take the quiz!

General Stats

  • This quiz has been taken 3 618 times
  • The average score is 16 of 20

Answer Stats

PtianjeOdgovor% Correct
Ne znam da l` sam vam rekao, ali Živan je ___________.Alkoholičar
97%
Pozdravite vašu ____.Mamu
93%
Kako se zove čuveni medjed iz Bosne?Momo
91%
Gde Djordje možda ima jednog sina?U Pečuju
91%
Mitar _____ Mitar.Mitra
87%
Kako Dragan zove frau Šilovičku?Frau Šljivovička
84%
Kako se zove ozloglašeni kriminalac iz zatvora
u kome su bili arhivatori?
Čombe
83%
Velinko i Jadranko ____.Klać
83%
Odakle je Smiljka?Iz Zagreba
81%
Ti, ekstremni Boban i ekstremni Deki, evo ______ __#usracuse
81%
Ujedinjei bački pilićari ili _____.UJEBp
79%
Kako se preziva grof vampir koga Djordje često pominje?Sekereši
78%
Koju životinju je Djordje hteo da otme iz Jagodine?Žirafu
78%
Ko je kamili udario šamarčinu?Višekruna
75%
Odakle baba vadi Djordju krojeve?Iz Burde
74%
Šta je Djordje otkrio iza ormara sa registratorima?Tajni prolaz
72%
Dok je rakije šljive i _____ ____, Krajišnik ne otvara bolovanje.Belog luka
68%
Koju životinju Živan jaše go?Krmaču
66%
Odakle su snajkini?Iz Bajine Bašte
50%
Gde se nalazi specijalna osnovna škola za darovitu decu,
„Dr Ludvig Bavarski”?
U Perlezu
43%

Score Distribution

Percentile by Number Answered

Percent of People with Each Score

Your Score History

You have not taken this quiz